50 Charaktere aus Animes - Statistiken

Allgemein
  • Dieses Quiz wurde 143 mal gespielt
  • Das Durchschnittsergebnis liegt bei 20 aus 50
Antwortstatistiken
Anime Name % Korrekt
Attack on Titan E Eren Jäger
89%
Death Note L Light Yagami
81%
Pokémon A Ash Ketchum
76%
Attack on Titan M Mikasa Ackermann
76%
Hunter x Hunter G Gon Freecss
75%
Hunter x Hunter K Killua Zoldyck
72%
Attack on Titan A Armin Arlert
71%
Naruto S Sasuke Uchiha
70%
Naruto K Kakashi Hatake
69%
Demon Slayer T Tanjiro Kamado
67%
Demon Slayer Z Zenitsu Agatsuma
65%
Black Clover A Asta
54%
Death Note R Ryuk
54%
Demon Slayer I Inosuke Hashibira
53%
Pokémon M Misty
52%
Pokémon R Rocko
48%
The Seven Deadly Sins M Meliodas
45%
My Hero Academia I Izuku Midoriya
43%
Jujutsu Kaisen Y Yuji Itadori
43%
Spy x Family A Anya Forger
42%
Sword Art Online K Kazuto Kirigaya
40%
Fairy Tail N Natsu Dragneel
40%
Black Clover Y Yuno
40%
The Seven Deadly Sins B Ban
39%
Fullmetal Alchemist: B. E Edward Elric
39%
Sword Art Online A Asuna
38%
Spy x Family L Loid Forger
38%
Hunter x Hunter K Kurapika
37%
The Promised Neverland E Emma
31%
Naruto J Jiraiya
31%
The Seven Deadly Sins E Elizabeth Liones
30%
My Hero Academia K Katsuki Bakugo
30%
Dr. Stone S Senkuu Ishigami
30%
My Hero Academia S Shoto Todoroki
30%
Erased S Satoru Fujinuma
27%
The Promised Neverland N Norman
26%
The Promised Neverland R Ray
25%
Jujutsu Kaisen S Satoru Gojo
25%
Black Butler S Sebastian Michaelis
23%
Black Butler C Ciel Phantomhive
21%
Fullmetal Alchemist: B. A Alphonse Elric
20%
Fairy Tail G Gray Fullbuster
19%
Digimon Adventure T Taichi Yagami
17%
Digimon Adventure M Yamato "Matt" Ishida
12%
Dr. Stone K Kohaku
7%
Monster Rancher G Genki Sakura
6%
Monster Rancher H Holly
4%
Erased K Kayo Hinazuki
3%
Guardian of the Spirit B Balsa Yonsa
0%
Guardian of the Spirit C Prinz {Chagum}
0%
Keine übereinstimmenden Quizze gefunden
Verteilung der Resultate
Anzahl Personen mit jedem Resultat
Perzentil nach korrekt beantworteten Fragen
Ihre Resultats-Entwicklung
Sie haben dieses Quiz noch nicht gespielt